000
00296nam a2200109Ia 4500
008
190914s9999||||xx |||||||||||||| ||und||
100
_a
Safdar Ali Najmi
245
0
_a
Mader-e-Millat Muhterma Fatima Jinnah : Shakhseat aur Ifkar
260
_a
Karachi
_b
Universal
_c
1997
300
_a
695
942
_c
BK
999
_c
9776
_d
9776